000
00277nam a2200121Ia 4500
008
190216s9999||||xx |||||||||||||| ||und||
100
_a
John Arden
245
0
_a
Play A One
260
_b
The Master Playwrights
_c
1977
300
_a
351p
650
_a
English Drama
942
_c
BK
999
_c
12806
_d
12806